| Tag |
First Indicator |
Second Indicator |
Subfields |
| LEADER |
00000cam a2200000Ii 4500 |
| 001 |
in00004635016 |
| 006 |
m o d |
| 007 |
cr cnu---unuuu |
| 008 |
140913t20142014sz ob 001 0 eng d |
| 005 |
20230103223353.7 |
| 010 |
|
|
|a 2013944466
|
| 035 |
|
|
|a (OCoLC)ocn890530128
|
| 040 |
|
|
|a EBLCP
|b eng
|e rda
|e pn
|c EBLCP
|d N$T
|d IQU
|d OCLCA
|d YDXCP
|d E7B
|d OCLCQ
|d OCLCF
|d OCL
|d OCLCQ
|d DEBSZ
|d OCLCQ
|d CCO
|d MERUC
|d LOA
|d AGLDB
|d K6U
|d STF
|d PIFAG
|d OTZ
|d ZCU
|d OCLCQ
|d OAPEN
|d OCLCQ
|d JSTOR
|d UBY
|d NRC
|d ICN
|d MERER
|d CUY
|d SOI
|d EZ9
|d AU@
|d ERL
|d OCLCQ
|d UKKNU
|d U3W
|d LVT
|d TKN
|d PLANG
|d OCLCQ
|d OCL
|d BRX
|d OCLCO
|d TXR
|d UPM
|d DKC
|d OCLCQ
|d OCL
|d UKAHL
|d OCLCQ
|d VT2
|d MM9
|d OCLCQ
|d OCLCO
|
| 015 |
|
|
|a GBB497946.
|2 bnb
|
| 015 |
|
|
|a GBB498612.
|2 bnb
|
| 016 |
7 |
|
|a 016864050.
|2 Uk
|
| 016 |
7 |
|
|a 016864717.
|2 Uk
|
| 019 |
|
|
|a 891396916
|a 1172223303
|
| 020 |
|
|
|a 9783035306354
|q (electronic book)
|
| 020 |
|
|
|a 3035306354
|q (electronic book)
|
| 020 |
|
|
|a 9783039119585
|q (electronic bk.)
|
| 020 |
|
|
|a 3039119583
|q (electronic bk.)
|
| 024 |
3 |
|
|a 9783035306354
|
| 024 |
7 |
|
|a 10.3726/978-3-0353-0635-4
|2 doi
|
| 024 |
7 |
|
|a CHLI
|2 Peter Lang AG, Internationaler Verlag der Wissenschaften
|
| 035 |
|
|
|a (OCoLC)890530128
|z (OCoLC)891396916
|z (OCoLC)1172223303
|
| 037 |
|
|
|a 22573/ctv2rs4ht
|b JSTOR
|
| 037 |
|
|
|a 101529
|b Knowledge Unlatched
|
| 043 |
|
|
|a e-gx---
|
| 050 |
|
4 |
|a DD256.5
|
| 072 |
|
7 |
|a HIS
|x 014000
|2 bisacsh
|
| 072 |
|
7 |
|a POL
|x 000000
|2 bisacsh
|
| 072 |
|
7 |
|a NHD
|2 thema
|
| 072 |
|
7 |
|a DSA
|2 thema
|
| 072 |
|
7 |
|a JP
|2 thema
|
| 072 |
|
7 |
|a DSA
|2 bicssc
|
| 072 |
|
7 |
|a DD.
|2 lcco
|
| 072 |
|
7 |
|a PT.
|2 lcco
|
| 082 |
0 |
4 |
|a 943.087
|
| 049 |
|
|
|a TXAM
|
| 100 |
1 |
|
|a Tourlamain, Guy,
|d 1976-
|e author.
|
| 245 |
1 |
0 |
|a Völkisch writers and National Socialism :
|b a study of right-wing political culture in Germany, 1890-1960 /
|c Guy Tourlamain.
|
| 264 |
|
1 |
|a Bern :
|b Peter Lang AG, Internationaler Verlag der Wissenschaften,
|c [2014]
|
| 264 |
|
4 |
|c ©2014
|
| 300 |
|
|
|a 1 online resource (399 pages)
|
| 336 |
|
|
|a text
|b txt
|2 rdacontent
|
| 337 |
|
|
|a computer
|b c
|2 rdamedia
|
| 338 |
|
|
|a online resource
|b cr
|2 rdacarrier
|
| 490 |
1 |
|
|a Cultural history and literary imagination,
|x 1660-6205 ;
|v Volume 21
|
| 588 |
0 |
|
|a Print version record.
|
| 505 |
0 |
|
|a Cover; Contents; Acknowledgements; Abbreviations; Introduction; Chapter 1 'Wegbereiter' for the Nazis? Völkisch-Nationalist Writers in Germany, 1870-1933; Chapter 2 Völkisch Writers and National Socialist Kulturpolitik; Chapter 3 The German Literature Academy: Control Mechanism or Cauldron of Dissent?; Chapter 4 Beyond the Literature Academy; Chapter 5 Völkisch-Nationalism in the Post-War Era; Concluding Remarks; Select Bibliography; Index.
|
| 520 |
|
|
|a This book provides a view of literary life under the Nazis, highlighting the ambiguities, rivalries and conflicts that determined the cultural climate of that period and beyond. Focusing on a group of writers - in particular, Hans Grimm, Erwin Guido Kolbenheyer, Wilhelm Schaefer, Emil Strauss, Boerries Freiherr von Muenchhausen and Rudolf Binding - it examines the continuities in voelkisch-nationalist thought in Germany from c. 1890 into the post-war period and the ways in which voelkisch-nationalists identified themselves in opposition to four successive German regimes: the Kaiserreich, the W.
|
| 504 |
|
|
|a Includes bibliographical references and index.
|
| 542 |
1 |
|
|f This work is licensed under a Creative Commons license
|u https://creativecommons.org/licenses/by-nc-nd/4.0/legalcode
|
| 542 |
1 |
|
|f This work is licensed by Knowledge Unlatched under a Creative Commons license
|u https://creativecommons.org/licenses/by-nc-nd/4.0/legalcode
|
| 651 |
|
0 |
|a Germany
|x Politics and government
|y 20th century.
|
| 650 |
|
0 |
|a National socialism
|z Germany.
|
| 650 |
|
0 |
|a Nationalism
|z Germany.
|
| 650 |
|
0 |
|a German literature
|x History and criticism.
|
| 650 |
|
0 |
|a Politics and literature
|z Germany
|x History
|y 20th century.
|
| 650 |
|
0 |
|a National socialism in literature.
|
| 650 |
|
0 |
|a Fascism in literature.
|
| 650 |
|
0 |
|a Nationalism in literature.
|
| 650 |
|
0 |
|a Fascism
|z Germany
|x History
|y 20th century.
|
| 650 |
|
0 |
|a Nationalism
|z Germany
|x History.
|
| 651 |
|
0 |
|a Germany
|x Social conditions
|y 20th century.
|
| 651 |
|
0 |
|a Germany
|x Social life and customs
|y 20th century.
|
| 651 |
|
6 |
|a Allemagne
|x Politique et gouvernement
|y 20e siècle.
|
| 650 |
|
6 |
|a Nationalisme
|z Allemagne.
|
| 650 |
|
6 |
|a Littérature allemande
|x Histoire et critique.
|
| 650 |
|
6 |
|a Politique et littérature
|z Allemagne
|x Histoire
|y 20e siècle.
|
| 650 |
|
6 |
|a Nazisme dans la littérature.
|
| 650 |
|
6 |
|a Fascisme dans la littérature.
|
| 650 |
|
6 |
|a Nationalisme dans la littérature.
|
| 650 |
|
6 |
|a Fascisme
|z Allemagne
|x Histoire
|y 20e siècle.
|
| 650 |
|
6 |
|a Nationalisme
|z Allemagne
|x Histoire.
|
| 651 |
|
6 |
|a Allemagne
|x Conditions sociales
|y 20e siècle.
|
| 651 |
|
6 |
|a Allemagne
|x Mœurs et coutumes
|y 20e siècle.
|
| 650 |
|
7 |
|a HISTORY
|z Europe
|z Germany.
|2 bisacsh
|
| 650 |
|
7 |
|a POLITICAL SCIENCE
|x General.
|2 bisacsh
|
| 650 |
|
7 |
|a Social conditions.
|2 fast
|0 (OCoLC)fst01919811
|
| 650 |
|
7 |
|a Politics and literature.
|2 fast
|0 (OCoLC)fst01069960
|
| 650 |
|
7 |
|a Nationalism in literature.
|2 fast
|0 (OCoLC)fst01033899
|
| 650 |
|
7 |
|a National socialism in literature.
|2 fast
|0 (OCoLC)fst01033817
|
| 650 |
|
7 |
|a Manners and customs.
|2 fast
|0 (OCoLC)fst01007815
|
| 650 |
|
7 |
|a German literature.
|2 fast
|0 (OCoLC)fst00941797
|
| 650 |
|
7 |
|a Fascism in literature.
|2 fast
|0 (OCoLC)fst00921593
|
| 650 |
|
7 |
|a Fascism.
|2 fast
|0 (OCoLC)fst00921551
|
| 650 |
|
7 |
|a National socialism.
|2 fast
|0 (OCoLC)fst01033761
|
| 650 |
|
7 |
|a Nationalism.
|2 fast
|0 (OCoLC)fst01033832
|
| 650 |
|
7 |
|a Politics and government
|2 fast
|0 (OCoLC)fst01919741
|
| 651 |
|
7 |
|a Germany.
|2 fast
|0 (OCoLC)fst01210272
|
| 648 |
|
7 |
|a 1900-1999
|2 fast
|
| 655 |
|
7 |
|a Electronic books.
|2 local
|
| 655 |
|
7 |
|a Criticism, interpretation, etc.
|2 fast
|0 (OCoLC)fst01411635
|
| 655 |
|
7 |
|a History.
|2 fast
|0 (OCoLC)fst01411628
|
| 710 |
2 |
|
|a JSTOR (Organization)
|
| 776 |
0 |
8 |
|i Print version:
|a Tourlamain, Guy.
|t Voelkisch Writers and National Socialism : A Study of Right-Wing Political Culture in Germany, 1890-1960.
|d Oxford : Peter Lang AG, Internationaler Verlag der Wissenschaften, ©2014
|z 9783039119585
|
| 830 |
|
0 |
|a Cultural history and literary imagination ;
|v Volume 21.
|
| 856 |
4 |
0 |
|u https://www.jstor.org/stable/10.2307/j.ctv2t4f2g
|z Connect to the full text of this electronic book
|t 0
|
| 955 |
|
|
|a JSTOR Open Access ebooks
|
| 994 |
|
|
|a 92
|b TXA
|
| 999 |
f |
f |
|s 5c44dcb3-3697-431f-8dd9-7670af854c57
|i 0e917246-f9f8-4ecb-8fb5-bcb30e6fee09
|t 0
|
| 952 |
f |
f |
|a Texas A&M University
|b College Station
|c Electronic Resources
|d Available Online
|t 0
|e DD256.5
|h Library of Congress classification
|
| 998 |
f |
f |
|a DD256.5
|t 0
|l Available Online
|